Tilastot visalle Sanat: "Riippumatto" - Mikael Gabriel

Klikkaa tästä pelataksesi tätä visaa!

Yleistilastot

  • Tätä visaa on pelattu 122 kertaa
  • Keskiarvotulos 205 / 281

Vastaustilastot

Vastaus% Oikein
100%
100%
riippumaton
98%
ripustan
97%
ku
95%
mihi
95%
mihin
95%
95%
voi
95%
siit
93%
kaikki
92%
mun
92%
on
92%
riippuu
92%
perille
90%
tarakal
90%
ei
88%
Ei
88%
En
88%
en
88%
kun
88%
kyllä
88%
mut
88%
pääset
88%
jos
86%
kaikille
86%
mansikoita
86%
se
86%
sulkea
86%
elokuuta
85%
ennen
85%
käyttää
85%
kenkii
85%
kulkea
85%
ovensa
85%
tehtaat
85%
aio
83%
autioina
83%
junien
83%
kadut
83%
kaupungissa
83%
puutarhas
83%
tavoittaa
83%
mistä
81%
mietit
80%
tarvii
80%
alla
75%
omenapuiden
75%
sun
75%
korvaa
71%
sydän
71%
vast
71%
vasten
71%
kuunnella
69%
vie
69%
loikoilla
66%
viikkoja
66%
Voisin
66%
ja
64%
saan
64%
vieres
64%
hengitystä
63%
oo
61%
mikä
56%
päivä
56%
me
54%
jäillä
51%
vaa
49%
Bieberii
47%
oon
47%
porukal
47%
sut
47%
viis
47%
äijää
46%
eri
46%
kuunnellaa
46%
tää
46%
ainakin
44%
duuneja
42%
nään
42%
hoodeilla
41%
kiire
41%
mietin
41%
mitä
41%
pysyn
41%
Bombey
39%
elämäni
39%
fiilis
39%
huulilla
39%
näin
39%
nyt
39%
romutan
39%
hierasin
37%
mul
37%
nii
37%
poolilla
37%
sit
37%
LOL
36%
silmii
36%
lomall
32%
meet
32%
muista
32%
rauhas
32%
tehä
32%
ikinä
31%
odottaa
31%
teet
31%
briiseri
29%
Juu
29%
kandee
29%
kauas
27%
kovalla
27%
meiät
27%
naula
27%
sitä
27%
viimene
27%
lyödä
25%
musat
24%
kohallaa
22%
kolahtaa
22%
aioi
2%

Tulosjakauma

Persentiili vastausten määrän mukaan

Jokaisen tuloksen saaneiden osuus

Tuloshistoriasi

Et ole pelannut tätä visaa